Score 0/27 Timer 05:00
0 Plays Today
Clue 5-letter Word % Correct
✏Thing you do with a pencil✏WRITE
98.8%
Fill in the ____BLANK
90.7%
Unable to seeBLIND
89%
Boring or flavorlessBLAND
87%
Kindergarten, second, or fifth, e.g.GRADE
86.3%
Flashy jewelryBLING
84.7%
SoloALONE
81.8%
'Crazy' country singer PatsyCLINE
78.1%
Stick to or fit very tightlyCLING
77.8%
CopyCLONE
77.5%
A group of students in schoolCLASS
75.6%
Offseason event in sportsTRADE
74.2%
A hard and sharp metallic sound CLANK
73.2%
Large groups of familiesCLANS
70.6%
Clue 5-letter Word % Correct
Overused or unoriginalTRITE
65.2%
Open space surrounded by treesGLADE
56.8%
A great time!BLAST
52.8%
✏Thing you do with a pencil✏ERASE
52%
Harsh, dazzling lightGLARE
49.8%
Grain of sand or gravelCLAST
47.4%
Uninterested; nonchalant BLASÉ
46.6%
Make a loud, unpleasant noiseBLARE
44.5%
Copy a drawingTRACE
44.3%
A very short amount of timeTRICE
39.7%
Came into beingAROSE
27%
The European shadALOSE
26.8%
Uneven, gnawed awayEROSE
25.3%

Today's Daily Dose

Remove Ads.
Support Sporcle.
Get the best of Sporcle when you Go Orange. This ad-free experience offers more features, more stats, and more fun while also helping to support Sporcle. Thank you for becoming a member.

You're not logged in!

Compare scores with friends on all Sporcle quizzes.
OR
Log In

Show Comments

Extras

Top Quizzes Today


Score Distribution

Your Account Isn't Verified!

In order to create a playlist on Sporcle, you need to verify the email address you used during registration. Go to your Sporcle Settings to finish the process.

Report this User

Report this user for behavior that violates our Community Guidelines.

Details: